01049nam a2200277Ia 4500001001200000003000800012006001900020007001500039008004100054020001800095020002600113040002100139035002100160050002600181245006600207260004500273300002400318533015200342650003300494650003900527655002900566710001600595710001700611856012600628999001700754ebr10642031CaPaEBRm u cr cn|||||||||130120s2013 dcua s 000 0 eng d z9780821397879 z9780821397886 (ebook) aCaPaEBRcCaPaEBR a(OCoLC)82602589414aHG3891.5b.I58 2013eb00aInternational debt statisticsh[electronic resource] .p2013. aWashington, D. C. :bWorld Bank,cc2013. avii, 324 p. :bill. aElectronic reproduction.bPalo Alto, Calif. :cebrary,d2013.nAvailable via World Wide Web.nAccess may be limited to ebrary affiliated libraries. 0aDebts, ExternalvStatistics. 0aInternational financevStatistics. 7aElectronic books.2local2 aWorld Bank.2 aebrary, Inc.40uhttp://site.ebrary.com/lib/rucke/Doc?id=10642031zAn electronic book accessible through the World Wide Web; click to view c43363d43363